[Event "Ostrava Konik op"]
[Site "Ostrava"]
[Date "2014.05.01"]
[Round "6"]
[White "Koki, Jan"]
[Black "Odlevak, Marek"]
[Result "1-0"]
[WhiteElo "1595"]
[BlackElo "1217"]
[PlyCount "75"]
[EventDate "2014.04.26"]
[EventType "swiss"]
[EventRounds "9"]
[EventCountry "CZE"]
[SourceTitle "CBM 160 Extra"]
[Source "ChessBase"]
[SourceDate "2014.07.01"]
[SourceVersion "1"]
[SourceVersionDate "2014.07.01"]
[SourceQuality "1"]

1. e4 e5 2. Nf3 Nc6 3. d4 exd4 4. Nxd4 Bc5 5. Nxc6 dxc6 6. Qxd8+ Kxd8 7. Bc4 Be6 8. Bxe6 fxe6 9. Nc3 Nf6 10. Bg5 Kd7 11. 0-0-0+ Ke7 12. f3 Kf7 13. Rd3 Rad8 14. Rhd1 Be7 15. Bf4 Bd6 16. Bxd6 Rxd6 17. Rxd6 cxd6 18. Rxd6 a5 19. a4 Ke7 20. Rd2 g5 21. g4 e5 22. b3 h6 23. Ne2 b5 24. Rd3 b4 25. Ng3 Kf7 26. Nf5 h5 27. h3 hxg4 28. hxg4 Rb8 29. Nd6+ Ke7 30. Nc4 Ra8 31. Nxe5 c5 32. Nc4 Ra6 33. Kd2 Ke6 34. Rd8 Ra7 35. Rd6+ Ke7 36. Ke2 Kf7 37. Ne5+ Kg7 38. Rc6 1-0

[Event "Ostrava Konik op"]
[Site "Ostrava"]
[Date "2014.04.28"]
[Round "3"]
[White "Odlevak, Marek"]
[Black "Gresova, Zuzana"]
[Result "0-1"]
[WhiteElo "1217"]
[BlackElo "1550"]
[PlyCount "92"]
[EventDate "2014.04.26"]
[EventType "swiss"]
[EventRounds "9"]
[EventCountry "CZE"]
[SourceTitle "CBM 160 Extra"]
[Source "ChessBase"]
[SourceDate "2014.07.01"]
[SourceVersion "1"]
[SourceVersionDate "2014.07.01"]
[SourceQuality "1"]

1. e4 c5 2. Nf3 e6 3. Nc3 Nc6 4. g3 a6 5. Bg2 Nge7 6. d3 g6 7. Bg5 Bg7 8. Rb1 0-0 9. 0-0 h6 10. Be3 b6 11. Re1 Bb7 12. d4 cxd4 13. Nxd4 f5 14. exf5 gxf5 15. Nxc6 Bxc6 16. Bxc6 Nxc6 17. Na4 Rb8 18. c4 Rf7 19. b4 f4 20. Bxf4 e5 21. Be3 Nd4 22. Kh1 Qc7 23. Rg1 Qxc4 24. Qh5 Qc6+ 25. Rg2 Qxa4 26. Rb2 Nf3 27. Rb1 Qxa2 28. Rf1 Qe6 29. Rc1 d5 30. Ra1 d4 31. Rf1 dxe3 32. fxe3 e4 33. Rgf2 Rd8 34. g4 Rd5 35. Qh3 h5 36. Qg3 Be5 37. Qg2 hxg4 38. h4 Rh7 39. Rxf3 exf3 40. Qa2 Rxh4+ 41. Kg1 Bh2+ 42. Kf2 g3+ 43. Kxf3 Rf5+ 44. Ke2 Qxa2+ 45. Ke1 Rxf1+ 46. Kxf1 Qf2# 0-1